Largest Eurpoean Cities Beginning with the letter D - Map Quiz - Statistics

General Stats
  • This quiz has been taken 67 times
  • The average score is 9 of 20
Answers on the Map
Answers color-coded by a green-red scale on the quiz's map according to % correct below.
 
Answer Stats
Population
Coutnry City % Correct
588233 Ireland Dublin
97%
630691 Germany Dusseldorf
92%
554649 Germany Dresden
90%
158820 United Kingdom Dundee
75%
901645 Ukraine Donetsk
73%
593317 Germany Dortmund
73%
980948 Ukraine Dnipro
65%
151672 France Dijon
63%
275575 United Kingdom Derby
56%
203914 Hungary Debrecen
54%
508652 Germany Duisburg
46%
113249 Albania Durres
43%
153166 Germany Darmstadt
33%
113381 Netherlands Dordrecht
27%
137561 Spain Dos Hermanas
14%
106081 Netherlands Delft
13%
135070 Russia Domodedovo
8%
115955 Poland Dąbrowa Górnicza
6%
229000 Russia Dzerzhinsk
3%
116038 Russia Dolgoprudny
2%
No matching quizzes found
Score Distribution
Percent of People with Each Score
Percentile by Number Answered
Your Score History
You have not taken this quiz